Indian Economy Problems of Development and Planning / (Record no. 738)

MARC details
000 -LEADER
Fixed length control field 00518nam a2200181 4500
003 - CONTROL NUMBER IDENTIFIER
Control field SEACOMMC
005 - DATE AND TIME OF LATEST TRANSACTION
Control field 20250501153155.0
008 - FIXED-LENGTH DATA ELEMENTS--GENERAL INFORMATION
Fixed length control field 241105b |||||||| |||| 00| 0 eng d
020 ## - INTERNATIONAL STANDARD BOOK NUMBER / ISBN
International Standard Book Number 978-81-22440-11-9
Price Rs.280.00
040 ## - CATALOGING SOURCE
Original cataloging agency SEACOMMC
082 ## - DEWEY DECIMAL CLASSIFICATION NUMBER
Classification number 330.954
Book Number A 227
100 ## - MAIN ENTRY--PERSONAL NAME
Personal name Agrawal, A N
245 1# - TITLE STATEMENT
Title Indian Economy Problems of Development and Planning /
Statement of responsibility A N Agrawal
250 ## - EDITION STATEMENT
Edition statement rev.33rd ed.
260 ## - IMPRINT
Place of publication Kolkata
Name of publisher New Age International
Date of publication 2007
650 ## - SUBJECT ADDED ENTRY--TOPICAL TERM
Topical term Economic History -- India
942 ## - ADDED ENTRY ELEMENTS (KOHA)
Koha item type Books
Holdings
Withdrawn status Lost status Source of classification Damaged status Not for loan Home library Current library Shelving location Date acquired Total Checkouts Call number Accession number Date last seen Price effective from Koha item type Copy number
    Dewey Decimal Classification     SEACOM MANAGEMENT COLLEGE SEACOM MANAGEMENT COLLEGE Reference 14/11/2007   330.954 A 227 M-836 05/11/2024 05/11/2024 Books  
    Dewey Decimal Classification     SEACOM MANAGEMENT COLLEGE SEACOM MANAGEMENT COLLEGE   14/11/2007   330.954 A 227 M-837 05/11/2024 05/11/2024 Books 1
    Dewey Decimal Classification     SEACOM MANAGEMENT COLLEGE SEACOM MANAGEMENT COLLEGE   31/01/2008   330.954 A 227 M-1865 05/11/2024 05/11/2024 Books 2
    Dewey Decimal Classification     SEACOM MANAGEMENT COLLEGE SEACOM MANAGEMENT COLLEGE   31/01/2008   330.954 A 227 M-1866 05/11/2024 05/11/2024 Books 3
    Dewey Decimal Classification     SEACOM MANAGEMENT COLLEGE SEACOM MANAGEMENT COLLEGE   31/01/2008   330.954 A 227 M-1867 05/11/2024 05/11/2024 Books 4
    Dewey Decimal Classification     SEACOM MANAGEMENT COLLEGE SEACOM MANAGEMENT COLLEGE   25/08/2009   330.954 A 227 M-2267 05/11/2024 05/11/2024 Books 5
    Dewey Decimal Classification     SEACOM MANAGEMENT COLLEGE SEACOM MANAGEMENT COLLEGE   25/08/2009   330.954 A 227 M-2268 05/11/2024 05/11/2024 Books 6
© Seacom Engineering College, All rights reserved.    Powered by Koha